000 00396nam a2200145Ia 4500
008 231129s2010||||xx |||||||||||||| ||spa||
020 _a978-958-8596-43-3
040 _bspa
082 _aCo861.5 R397f
100 _aRendón Merino Fernando
245 0 _aEn flotación: antologí­a personal
260 _c2010
264 _aCaza de Libros
942 _2ddc
_cBKS
999 _c12884
_d12884